Designing and using human-computer interfaces and knowledge based systems : proceedings of the third international conference on human-computer interaction, Boston, Massachusetts, September 18-22, 1989
Αποθηκεύτηκε σε:
| Συγγραφή απο Οργανισμό/Αρχή: | |
|---|---|
| Άλλοι συγγραφείς: | , |
| Μορφή: | Βιβλίο |
| Γλώσσα: | English |
| Δημοσίευση: |
Amsterdam, Oxford :
Elsevier,
1989
|
| Σειρά: | Advances in human factors/ergonomics ;
; 12B |
| Θέματα: | |
| Ετικέτες: |
Προσθήκη ετικέτας
Δεν υπάρχουν, Καταχωρήστε ετικέτα πρώτοι!
|
MARC
| LEADER | 00000nam a2200000 i 4500 | ||
|---|---|---|---|
| 001 | 1/57281 | ||
| 008 | 970221s1989 eng d | ||
| 020 | |a 0-444-88078-X | ||
| 035 | |l 10028165 | ||
| 040 | |a GR-MY-UA |b gre |e aacr | ||
| 041 | 0 | |a eng | |
| 082 | 0 | |a 004.19 | |
| 110 | 2 | |a International Conference on Human-Computer Interaction. | |
| 245 | 1 | 0 | |a Designing and using human-computer interfaces and knowledge based systems : |b proceedings of the third international conference on human-computer interaction, Boston, Massachusetts, September 18-22, 1989 / |c edited by: Gavriel Salvendy, M.J.Smith |
| 260 | |a Amsterdam, Oxford : |b Elsevier, |c 1989 | ||
| 300 | |a 900 p. | ||
| 490 | 1 | |a Advances in human facrors/ergonomics |v ; 12B | |
| 500 | |a Includes index | ||
| 650 | 0 | 0 | |a Human-computer interaction |x Congresses. |
| 700 | 1 | |a Salvendy, Gavriel |d 1938- |4 edt | |
| 700 | 1 | |a Smith, Michael J. |q (Michael James) |d 1945- |4 edt | |
| 830 | 0 | |a Advances in human factors/ergonomics ; |v ; 12B | |
| 852 | |a INST |b CHIOS |e 19970221 |h 004.19 DES |p 005200002394 |q 005200002394 |t BK |y 0 |z Vol.II | ||
| 852 | |a INST |b CHIOS |e 19970221 |h 004.19 DES |p 005200002394 |q 005200002394 |t BK |v Vol.II: |y 0 |z Vol.II | ||
| 853 | |a INST |b CHIOS |h 004.19 DES | ||
| 909 | |a Χ |b 018348 | ||